[Event "FIDE Women's World Teams"]
[Site "Mardin TUR"]
[Date "2011.12.19"]
[Round "2"]
[Board "16"]
[White "Kursova, Maria"]
[Black "Khurtsidze, Nino"]
[Result "1/2-1/2"]
[WhiteTitle "WGM"]
[BlackTitle "IM"]
[WhiteElo "2315"]
[BlackElo "2440"]
[WhiteTeam "Armenia"]
[BlackTeam "Georgia"]
[WhiteFideId "4129709"]
[BlackFideId "13600320"]
[EventDate "2011.12.18"]

1. d4 d6 2. Nf3 g6 3. g3 Bg7 4. Bg2 Nd7 5. c4 e5 6. Nc3 Ne7 7. O-O O-O 8. h3
exd4 9. Nxd4 Nb6 10. Qd3 Nc6 11. Nxc6 bxc6 12. c5 dxc5 13. Qxd8 Rxd8 14. Bg5 f6
15. Bf4 Nd5 16. Nxd5 cxd5 17. Rac1 Bf8 18. Bxc7 Rd7 19. Rfd1 Bb7 20. Ba5 Kf7 21.
Rc2 Rb8 22. b3 Ke6 23. e3 f5 24. h4 Ke5 1/2-1/2

[Event "FIDE Women's World Teams"]
[Site "Mardin TUR"]
[Date "2011.12.20"]
[Round "3"]
[Board "18"]
[White "Makropoulou, Marina"]
[Black "Kosintseva, Tatiana"]
[Result "1/2-1/2"]
[WhiteTitle "WGM"]
[BlackTitle "GM"]
[WhiteElo "2201"]
[BlackElo "2526"]
[WhiteTeam "Greece"]
[BlackTeam "Russia"]
[WhiteFideId "4200187"]
[BlackFideId "4133471"]
[EventDate "2011.12.18"]

1. e4 c5 2. Nf3 d6 3. d4 cxd4 4. Nxd4 Nf6 5. Nc3 Nc6 6. Bg5 e6 7. Qd2 a6 8. f3
Be7 9. h4 O-O 10. O-O-O Nxd4 11. Qxd4 b5 12. Kb1 Qc7 13. g4 Rb8 14. h5 b4 15.
Ne2 Qa5 16. Bh4 e5 17. Qd2 Be6 18. Nc1 Rfd8 19. g5 Nxh5 20. g6 Bxh4 21. gxh7+
Kh8 22. Rxh4 Nf4 23. Nb3 Qc7 24. Nd4 a5 25. Rxf4 exf4 26. Qxf4 a4 27. Qe3 Qc5
28. f4 Re8 29. Qg3 b3 30. cxb3 axb3 31. a3 Rec8 32. Be2 Rc7 33. f5 Rbc8 34. Qe3
Bc4 35. Bxc4 Qxc4 36. Qxb3 Qxb3 37. Nxb3 Re8 38. Rd4 Kxh7 39. Nd2 Rc6 40. a4 g5
41. fxg6+ fxg6 42. Nc4 Rf8 43. a5 g5 44. Nxd6 Rf2 45. e5 Kg6 46. Re4 Rf1+ 47.
Ka2 Rf4 48. Re2 Ra4+ 49. Kb1 Rxa5 50. e6 Rxd6 51. e7 Ra8 52. e8=Q+ Rxe8 53. Rxe8
g4 54. Kc2 Kf5 55. Rg8 Kf4 56. b4 g3 57. Kc3 Rd5 58. Kc4 Rg5 59. Rf8+ Ke3 60.
Rf1 Ke2 61. Rg1 Kf2 62. Rb1 g2 63. b5 Rg4+ 64. Kc5 Re4 65. b6 Re1 66. Rb2+ Re2
67. Rb1 Re1 68. Rb2+ Re2 69. Rb1 Re1 70. Kd5 1/2-1/2

[Event "FIDE Women's World Teams"]
[Site "Mardin TUR"]
[Date "2011.12.20"]
[Round "3"]
[Board "12"]
[White "Vasilevich, Tatjana"]
[Black "Kaplan, Ebru"]
[Result "1-0"]
[WhiteTitle "IM"]
[WhiteElo "2412"]
[BlackElo "1849"]
[WhiteTeam "Ukraine"]
[BlackTeam "Turkey"]
[WhiteFideId "14101610"]
[BlackFideId "6315194"]
[EventDate "2011.12.18"]

1. d4 d5 2. c4 e6 3. Nf3 c5 4. cxd5 exd5 5. g3 Nc6 6. Bg2 Nf6 7. O-O Be7 8. Nc3
O-O 9. Bg5 c4 10. Ne5 Be6 11. f4 Ng4 12. Nxg4 Bxg4 13. Bxd5 Bxg5 14. fxg5 Qxg5
15. Rf4 Rad8 16. Qd2 Bh5 17. e4 Rd7 18. Qf2 Qd8 19. h4 Nb4 20. Bxc4 Rxd4 21. Bd5
Rxd5 22. Nxd5 Nd3 23. Qxa7 Nxf4 24. Nxf4 Bf3 25. Qe3 Bg4 26. Re1 Qa5 27. a3 Rd8
28. Nd5 Be6 29. b4 Qa6 30. Rd1 Bxd5 31. Rxd5 Re8 32. Qd3 Qb6+ 33. Kg2 h6 34. Rd6
Qc7 35. Rd7 Qc6 36. Rd8 Rxd8 37. Qxd8+ Kh7 38. Qd3 b5 39. Qf3 Qc2+ 40. Kh3 Qc8+
41. Qf5+ Qxf5+ 42. exf5 h5 43. Kg2 g6 44. Kf3 Kg7 45. Ke4 Kf6 46. fxg6 fxg6 47.
Kd5 g5 48. Kc5 g4 49. Kxb5 Ke5 50. Kc4 Ke4 51. b5 Kf3 52. b6 Kxg3 53. b7 Kxh4
54. b8=Q Kh3 55. Kd3 g3 56. Ke2 h4 57. Kf1 Kh2 58. Qb2+ Kh3 59. Qe2 1-0

[Event "FIDE Women's World Teams"]
[Site "Mardin TUR"]
[Date "2011.12.20"]
[Round "3"]
[Board "20"]
[White "Pavlidou, Ekaterini"]
[Black "Pogonina, Natalija"]
[Result "1-0"]
[WhiteTitle "WIM"]
[BlackTitle "WGM"]
[WhiteElo "2176"]
[BlackElo "2451"]
[WhiteTeam "Greece"]
[BlackTeam "Russia"]
[WhiteFideId "4213262"]
[BlackFideId "4147855"]
[EventDate "2011.12.18"]

1. d4 Nf6 2. c4 e6 3. Nc3 Bb4 4. e3 O-O 5. Bd3 d5 6. Nf3 Nc6 7. O-O a6 8. Qe2
dxc4 9. Bxc4 Bd6 10. Rd1 Qe8 11. Ng5 e5 12. d5 Ne7 13. Nge4 Nxe4 14. Nxe4 Ng6
15. Nxd6 cxd6 16. f3 f5 17. Bd2 Qd8 18. Qf2 b5 19. Bb3 a5 20. a3 Bb7 21. Rac1
Qb6 22. Be1 Kh8 23. h4 Rac8 24. Rxc8 Rxc8 25. h5 Nf8 26. e4 Qxf2+ 27. Kxf2 a4
28. Ba2 fxe4 29. fxe4 Rc2+ 30. Rd2 Rc1 31. Re2 Ra1 32. b3 axb3 33. Bxb3 Rxa3 34.
Rb2 Kg8 35. Bb4 Ra6 36. Rc2 h6 37. Rc7 Ba8 38. Kg3 Nh7 39. Kf2 Nf8 40. Kg3 Nh7
41. Kg4 Nf6+ 42. Kf5 Kh7 43. g4 Ra1 44. Bc2 Rc1 45. Ke6 Nxg4 46. Bxd6 b4 47. Ba4
Rc3 48. Rxc3 bxc3 49. Bc6 c2 50. Ba3 1-0

[Event "FIDE Women's World Teams"]
[Site "Mardin TUR"]
[Date "2011.12.20"]
[Round "3"]
[Board "16"]
[White "Khurtsidze, Nino"]
[Black "Hoang, Thi Nhu Y"]
[Result "0-1"]
[WhiteTitle "IM"]
[BlackTitle "WIM"]
[WhiteElo "2440"]
[BlackElo "2218"]
[WhiteTeam "Georgia"]
[BlackTeam "Vietnam"]
[WhiteFideId "13600320"]
[BlackFideId "12401455"]
[EventDate "2011.12.18"]

1. Nf3 d5 2. e3 Nf6 3. b3 g6 4. Bb2 Bg7 5. c4 c6 6. Be2 O-O 7. O-O Bg4 8. d3 Na6
9. Nbd2 Rc8 10. h3 Bxf3 11. Nxf3 Nd7 12. Qd2 Bxb2 13. Qxb2 e6 14. Rac1 Qe7 15.
d4 Nc7 16. b4 dxc4 17. Bxc4 Rfe8 18. Rfd1 Nd5 19. a3 N5b6 20. Bb3 Ra8 21. Ne1 e5
22. Nf3 e4 23. Bc4 Rac8 24. Bb3 Ra8 25. Nd2 a5 26. b5 cxb5 27. Bc2 b4 28. axb4
axb4 29. Nxe4 Nc4 30. Qb3 b5 31. d5 Ra3 32. Qb1 b3 33. Bd3 b2 34. Rc3 Ra1 35.
Qc2 Na3 36. Qb3 Rxd1+ 37. Qxd1 b1=Q 38. Bxb1 Nxb1 39. Qxb1 Qxe4 40. Qxb5 Rb8 41.
Qxb8+ Nxb8 42. Rc8+ Kg7 43. Rxb8 Qxd5 44. g3 Qf3 45. Rd8 g5 46. Rd4 h6 47. h4
Kg6 48. hxg5 hxg5 49. Rd8 Qf6 50. Rd4 Kf5 51. Rb4 Qc3 52. Rd4 f6 53. Kg2 Qc6+
54. Kg1 Ke5 55. Kh2 Qb6 56. Kg2 f5 57. Kg1 Qxd4 58. exd4+ Kxd4 59. Kf1 Kd3 60.
Ke1 f4 61. g4 Kc2 62. Ke2 Kc1 63. Kd3 Kd1 64. Ke4 Ke2 65. Kf5 Kxf2 66. Kxg5 Kg3
67. Kh5 f3 0-1

[Event "FIDE Women's World Teams"]
[Site "Mardin TUR"]
[Date "2011.12.20"]
[Round "3"]
[Board "5"]
[White "Van Der Merwe, Cecile H."]
[Black "Harika, Dronavalli"]
[Result "0-1"]
[WhiteTitle "WIM"]
[BlackTitle "GM"]
[WhiteElo "2057"]
[BlackElo "2512"]
[WhiteTeam "South Africa"]
[BlackTeam "India"]
[WhiteFideId "14300648"]
[BlackFideId "5015197"]
[EventDate "2011.12.18"]

1. e4 g6 2. d4 Bg7 3. Nf3 c5 4. c3 cxd4 5. cxd4 d5 6. e5 Nc6 7. h3 Nh6 8. Nc3
O-O 9. Qb3 Nf5 10. Be3 e6 11. Bd3 Nxe3 12. fxe3 Bh6 13. Nd1 Bd7 14. Qc3 Rc8 15.
Qd2 f6 16. exf6 Qxf6 17. O-O Nxd4 18. Nxd4 Qxd4 19. Rxf8+ Rxf8 20. Qe2 Qe5 21.
Kh1 Bc6 22. Nf2 Qxe3 23. Ng4 Qxe2 24. Nf2 Qe3 25. Ng4 Qe2 0-1

[Event "FIDE Women's World Teams"]
[Site "Mardin TUR"]
[Date "2011.12.20"]
[Round "3"]
[Board "7"]
[White "Frick, Denise"]
[Black "Padmini, Rout"]
[Result "0-1"]
[WhiteTitle "WIM"]
[BlackTitle "WGM"]
[WhiteElo "1916"]
[BlackElo "2392"]
[WhiteTeam "South Africa"]
[BlackTeam "India"]
[WhiteFideId "14300818"]
[BlackFideId "5029295"]
[EventDate "2011.12.18"]

1. e4 c5 2. d3 Nc6 3. g3 g6 4. Bg2 Bg7 5. f4 e6 6. Nf3 Nge7 7. c3 O-O 8. Be3 b6
9. Bf2 Bb7 10. Be3 Bc8 11. Bf2 Bb7 12. O-O Rc8 13. Re1 d6 14. Nbd2 Qd7 15. g4
Rce8 16. Bg3 f5 17. exf5 exf5 18. Qb3+ Kh8 19. Ng5 Nd8 20. Bxb7 Qxb7 21. Ne6
Nxe6 22. Qxe6 Qc6 23. Nc4 Nc8 24. Na5 bxa5 25. Qb3 fxg4 26. Rad1 Ne7 27. d4 cxd4
28. cxd4 Nf5 29. Bf2 Rxe1+ 30. Rxe1 Nxd4 31. Bxd4 Bxd4+ 32. Kf1 Qh1+ 0-1

[Event "FIDE Women's World Teams"]
[Site "Mardin TUR"]
[Date "2011.12.20"]
[Round "3"]
[Board "6"]
[White "Tania, Sachdev"]
[Black "Solomons, Anzel"]
[Result "1-0"]
[WhiteTitle "IM"]
[BlackTitle "WIM"]
[WhiteElo "2428"]
[BlackElo "1926"]
[WhiteTeam "India"]
[BlackTeam "South Africa"]
[WhiteFideId "5007844"]
[BlackFideId "14300800"]
[EventDate "2011.12.18"]

1. d4 d5 2. c4 c6 3. Nf3 Nf6 4. Nc3 dxc4 5. a4 e6 6. e3 c5 7. Bxc4 Nc6 8. O-O
Be7 9. Qe2 cxd4 10. Rd1 O-O 11. exd4 Nb4 12. Bg5 Bd7 13. Ne5 Bc6 14. Nxc6 bxc6
15. a5 Qc7 16. a6 Rfd8 17. Na4 Nfd5 18. Bxe7 Qxe7 19. Nc5 Nb6 20. Bb3 Rab8 21.
Qe4 N6d5 22. Bc4 Nf6 23. Qe2 Nbd5 24. Nb7 Rdc8 25. Ra3 Nd7 26. Rg3 Nf4 27. Qg4
Ng6 28. Re3 Nb6 29. Bd3 Nd5 30. Ree1 Nf6 31. Qg5 Qb4 32. Qc5 Qxb2 33. Qxa7 Ra8
34. Qc5 Rc7 35. h3 Nd7 36. Qd6 Rac8 37. Rb1 Qa2 38. Rec1 Qd5 39. Qxd5 cxd5 40.
Rxc7 Rxc7 41. a7 Rc8 42. Nd6 Ra8 43. Rb7 Ngf8 1-0

[Event "FIDE Women's World Teams"]
[Site "Mardin TUR"]
[Date "2011.12.20"]
[Round "3"]
[Board "19"]
[White "Gunina, Valentina"]
[Black "Fakhiridou, Ekaterini"]
[Result "1-0"]
[WhiteTitle "IM"]
[BlackTitle "WIM"]
[WhiteElo "2514"]
[BlackElo "2180"]
[WhiteTeam "Russia"]
[BlackTeam "Greece"]
[WhiteFideId "4167570"]
[BlackFideId "4202848"]
[EventDate "2011.12.18"]

1. d4 Nf6 2. Nf3 e6 3. c4 d5 4. Nc3 Bb4 5. cxd5 exd5 6. Bg5 Nbd7 7. e3 c5 8. Bd3
Qa5 9. Qc2 c4 10. Bf5 O-O 11. Nd2 Re8 12. O-O g6 13. Bh3 Kg7 14. Rae1 h6 15. Bh4
Nb6 16. Bxc8 Raxc8 17. f3 Na4 18. Ndb1 Nxc3 19. Nxc3 Bxc3 20. bxc3 b5 21. e4 b4
22. e5 Nd7 23. cxb4 Qxb4 24. Rb1 Qa5 25. Rb7 Rc7 26. Be1 c3 27. Rxc7 Qxc7 28.
Qxc3 Qxc3 29. Bxc3 Rc8 30. Rc1 Rc4 31. Bb2 Rb4 32. Ba3 Ra4 33. Bd6 Nf8 34. Rc8
Ne6 35. h4 f6 36. Re8 Nxd4 37. Re7+ Kg8 38. exf6 Nf5 39. f7+ Kf8 40. Rxa7+ Nxd6
41. Rxa4 Kxf7 42. Ra6 Nf5 43. a4 d4 44. a5 d3 45. Kf2 h5 46. Rb6 d2 47. Ke2 Ne3
48. Kxd2 1-0

[Event "FIDE Women's World Teams"]
[Site "Mardin TUR"]
[Date "2011.12.20"]
[Round "3"]
[Board "4"]
[White "Tan, Zhongyi"]
[Black "Kursova, Maria"]
[Result "1-0"]
[WhiteTitle "WGM"]
[BlackTitle "WGM"]
[WhiteElo "2448"]
[BlackElo "2315"]
[WhiteTeam "China"]
[BlackTeam "Armenia"]
[WhiteFideId "8603642"]
[BlackFideId "4129709"]
[EventDate "2011.12.18"]

1. d4 Nf6 2. Nf3 e6 3. g3 d5 4. Bg2 Be7 5. O-O O-O 6. c4 dxc4 7. Qc2 Bd7 8. Qxc4
Bc6 9. Nc3 a5 10. Rd1 Na6 11. a3 Bd5 12. Qb5 Qc8 13. Nxd5 exd5 14. Bf4 Nb8 15.
Rac1 c6 16. Qd3 Re8 17. Ne5 a4 18. h3 Qe6 19. Rc3 Ne4 20. Bxe4 dxe4 21. Qc4 Qxc4
22. Nxc4 Nd7 23. d5 cxd5 24. Rxd5 Nf6 25. Rb5 Rec8 26. Be5 Rc6 27. Ne3 Rac8 28.
Rxb7 Rxc3 29. Bxc3 Bc5 30. Nf5 Ne8 31. Re7 Kf8 32. Rxe4 Bxa3 33. Nxg7 Bxb2 34.
Bxb2 Nxg7 35. Bxg7+ Kxg7 36. Rxa4 Rc1+ 37. Kg2 h6 38. g4 Re1 39. e3 Rc1 40. h4
Rb1 41. Ra6 Re1 42. g5 hxg5 43. hxg5 Rb1 44. f4 Rb4 45. Kf3 Rb3 46. f5 Rb7 47.
Kf4 Rc7 48. e4 Rb7 49. g6 fxg6 50. Rxg6+ Kf7 51. Ra6 Rb1 52. Ra7+ Kf8 53. Kg5 1-0

[Event "FIDE Women's World Teams"]
[Site "Mardin TUR"]
[Date "2011.12.20"]
[Round "3"]
[Board "2"]
[White "Ju, Wenjun"]
[Black "Mkrtchian, Lilit"]
[Result "1-0"]
[WhiteTitle "WGM"]
[BlackTitle "IM"]
[WhiteElo "2543"]
[BlackElo "2469"]
[WhiteTeam "China"]
[BlackTeam "Armenia"]
[WhiteFideId "8603006"]
[BlackFideId "13300601"]
[EventDate "2011.12.18"]

1. d4 Nf6 2. c4 e6 3. g3 c5 4. d5 exd5 5. cxd5 b5 6. Nf3 d6 7. e4 a6 8. Nbd2
Nbd7 9. a4 b4 10. Bd3 Be7 11. a5 Nf8 12. Nc4 Bh3 13. Ng5 Bc8 14. f4 Bb7 15. O-O
Ng6 16. Nb6 Ra7 17. e5 Nxd5 18. Bxg6 hxg6 19. Nxd5 Bxg5 20. fxg5 dxe5 21. Nb6
Qc7 22. Qa4+ Bc6 23. Qc2 Bb5 24. Re1 Qd6 25. Be3 Rc7 26. Rad1 Qc6 27. Rd5 Qe6
28. Bxc5 f6 29. Qxg6+ Qf7 30. Rdxe5+ fxe5 31. Rxe5+ Kd8 32. Qd6+ Bd7 33. Nd5 Rc6
34. Bb6+ Kc8 35. Ne7+ Qxe7 36. Qxe7 Rc1+ 37. Re1 1-0

[Event "FIDE Women's World Teams"]
[Site "Mardin TUR"]
[Date "2011.12.20"]
[Round "3"]
[Board "13"]
[White "Pham, Le Thao Nguyen"]
[Black "Dzagnidze, Nana"]
[Result "1/2-1/2"]
[WhiteTitle "WGM"]
[BlackTitle "GM"]
[WhiteElo "2341"]
[BlackElo "2516"]
[WhiteTeam "Vietnam"]
[BlackTeam "Georgia"]
[WhiteFideId "12401226"]
[BlackFideId "13601903"]
[EventDate "2011.12.18"]

1. d4 Nf6 2. Nf3 e6 3. g3 d5 4. Bg2 Be7 5. O-O c6 6. c4 O-O 7. Qc2 b6 8. Rd1 Ba6
9. Ne5 Qc8 10. Nd2 c5 11. Nb3 Nc6 12. Nxc6 Qxc6 13. cxd5 Nxd5 14. dxc5 Rac8 15.
a3 bxc5 16. e4 Nb6 17. Bd2 Qa4 18. Rac1 Bc4 19. Na5 Qxc2 20. Rxc2 Bd3 21. Rcc1
c4 22. e5 Bc5 23. Bb4 Na4 24. Nc6 Rc7 25. b3 Bxb4 26. axb4 Nb6 27. bxc4 Bxc4 28.
Na5 Rcc8 29. Nxc4 Nxc4 30. Bb7 Rb8 31. Rxc4 Rxb7 32. Ra1 h6 33. Kg2 Rd8 34. Ra5
Rd2 35. h4 h5 36. Rac5 Rb2 37. Ra5 Kh7 38. Rf4 Kg6 39. Ra6 Re2 40. Ra5 Rc7 41.
Rf3 Rb7 42. Rf4 a6 43. Kf1 Rb2 44. Rxa6 R2xb4 45. Rxb4 Rxb4 46. Ra5 Rb7 47. Ra3
Rb5 48. Re3 Kf5 49. Rf3+ Kg6 50. Re3 Kf5 51. Rf3+ Kg6 52. Re3 1/2-1/2

[Event "FIDE Women's World Teams"]
[Site "Mardin TUR"]
[Date "2011.12.20"]
[Round "3"]
[Board "17"]
[White "Kosintseva, Nadezhda"]
[Black "Dembo, Yelena"]
[Result "1/2-1/2"]
[WhiteTitle "GM"]
[BlackTitle "IM"]
[WhiteElo "2546"]
[BlackElo "2468"]
[WhiteTeam "Russia"]
[BlackTeam "Greece"]
[WhiteFideId "4134974"]
[BlackFideId "723916"]
[EventDate "2011.12.18"]

1. e4 c5 2. Nf3 d6 3. d4 cxd4 4. Nxd4 Nf6 5. Nc3 Nc6 6. Bg5 e6 7. Qd2 a6 8.
O-O-O Bd7 9. f3 h6 10. Be3 b5 11. Kb1 Ne5 12. Bd3 Qc7 13. g4 b4 14. Nce2 d5 15.
exd5 Nxd5 16. Nf4 Nc4 17. Bxc4 Qxc4 18. Nb3 Nf6 19. h4 Bb5 20. Qg2 Nd7 21. Rhe1
O-O-O 22. Nd4 Be7 23. Qf2 g5 24. hxg5 hxg5 1/2-1/2

[Event "FIDE Women's World Teams"]
[Site "Mardin TUR"]
[Date "2011.12.20"]
[Round "3"]
[Board "11"]
[White "Cemhan, Kardelen"]
[Black "Zhukova, Natalia"]
[Result "1/2-1/2"]
[BlackTitle "GM"]
[WhiteElo "1881"]
[BlackElo "2427"]
[WhiteTeam "Turkey"]
[BlackTeam "Ukraine"]
[WhiteFideId "6325670"]
[BlackFideId "14101513"]
[EventDate "2011.12.18"]

1. e4 e6 2. d4 d5 3. Nd2 Nf6 4. e5 Nfd7 5. Bd3 c5 6. c3 Nc6 7. Ne2 cxd4 8. cxd4
f6 9. Nf4 Nxd4 10. Qh5+ Ke7 11. exf6+ Nxf6 12. Ng6+ hxg6 13. Qxh8 Kf7 14. Qh4 e5
15. Nf3 Nxf3+ 16. gxf3 Bf5 17. Bxf5 gxf5 18. Bg5 Be7 19. O-O d4 20. Rac1 Qd6 21.
Qh3 g6 22. f4 e4 23. Qb3+ Qd5 24. Qa4 Bd8 25. Bxf6 Kxf6 26. Qe8 Kg7 27. b4 Qd6
28. Rc4 d3 29. Kh1 Qxf4 30. Rg1 Qf3+ 31. Rg2 Qd1+ 32. Rg1 Qf3+ 33. Rg2 Qd1+ 34.
Rg1 Qf3+ 35. Rg2 Qd1+ 36. Rg1 Qf3+ 37. Rg2 Qd1+ 1/2-1/2

[Event "FIDE Women's World Teams"]
[Site "Mardin TUR"]
[Date "2011.12.21"]
[Round "4"]
[Board "1"]
[White "Koneru, Humpy"]
[Black "Danielian, Elina"]
[Result "1-0"]
[WhiteTitle "GM"]
[BlackTitle "GM"]
[WhiteElo "2600"]
[BlackElo "2497"]
[WhiteTeam "India"]
[BlackTeam "Armenia"]
[WhiteFideId "5008123"]
[BlackFideId "13300210"]
[EventDate "2011.12.18"]

1. d4 d5 2. Nf3 Nf6 3. c4 c6 4. e3 e6 5. Bd3 dxc4 6. Bxc4 Nbd7 7. O-O Bd6 8. Nc3
b5 9. Be2 O-O 10. e4 b4 11. e5 bxc3 12. exd6 cxb2 13. Bxb2 Ne4 14. Ne5 Ndf6 15.
Qc2 Nxd6 16. Ba3 Bb7 17. Nc4 Nb5 18. Bxf8 Nxd4 19. Qb2 Nxe2+ 20. Qxe2 Qxf8 21.
Na5 Bc8 22. Nxc6 Bb7 23. Qb5 Bxc6 24. Qxc6 Nd5 25. Rfc1 g6 26. Rab1 h5 27. Qa6
h4 28. h3 Qd8 29. Rc4 Qf6 30. Qb7 Rd8 31. Qb2 Qe7 32. Rbc1 Nb6 33. Rc7 Qg5 34.
Rxa7 Nd5 35. Ra5 Kh7 36. Re1 Rc8 37. Ra4 Nf4 38. Qb7 Rc7 39. Qf3 e5 40. Rae4 Rc5
41. a4 Kg7 42. R4e3 Ra5 43. Re4 Rc5 44. Kh2 Rd5 45. Qg4 Qf6 46. Rd1 Rc5 47. Ra1
Qd8 48. Qf3 Rd5 49. a5 Rd3 50. Re3 Qd4 51. Rxd3 Nxd3 52. Ra2 e4 53. Qe3 Qd5 54.
Ra4 Qe5+ 55. Kg1 Qb5 56. Rxe4 Qb1+ 57. Kh2 Nxf2 58. Qd4+ 1-0

[Event "FIDE Women's World Teams"]
[Site "Mardin TUR"]
[Date "2011.12.21"]
[Round "4"]
[Board "2"]
[White "Mkrtchian, Lilit"]
[Black "Harika, Dronavalli"]
[Result "1/2-1/2"]
[WhiteTitle "IM"]
[BlackTitle "GM"]
[WhiteElo "2469"]
[BlackElo "2512"]
[WhiteTeam "Armenia"]
[BlackTeam "India"]
[WhiteFideId "13300601"]
[BlackFideId "5015197"]
[EventDate "2011.12.18"]

1. Nf3 Nf6 2. c4 c5 3. Nc3 d6 4. d4 cxd4 5. Nxd4 g6 6. e4 Nc6 7. Nc2 Bg7 8. Be2
O-O 9. O-O Nd7 10. Nd5 Nc5 11. f3 f5 12. exf5 Bxf5 13. Nde3 Kh8 14. Kh1 Rc8 15.
Rb1 e5 16. Nxf5 gxf5 17. Be3 Qe7 18. f4 Ne6 19. Bd3 Rcd8 20. Qe1 e4 21. Be2 d5
22. cxd5 Rxd5 23. Bc4 Rdd8 24. Qf2 Ned4 25. b4 b5 26. Nxd4 Nxd4 27. Be2 Rd7 28.
Rfc1 Rfd8 29. Bf1 a6 30. Rc5 a5 31. a3 axb4 32. axb4 Qf7 33. Rcc1 Nb3 34. Rc2
Nd4 35. Rd2 Qe7 36. h3 h6 37. Rdd1 Rd5 38. Rdc1 Kh7 39. Qa2 Qd6 40. Qf2 Qe7 41.
Qa2 Qd6 42. Qf2 Qe7 1/2-1/2

[Event "FIDE Women's World Teams"]
[Site "Mardin TUR"]
[Date "2011.12.21"]
[Round "4"]
[Board "9"]
[White "Hou, Yifan"]
[Black "Pham, Le Thao Nguyen"]
[Result "1/2-1/2"]
[WhiteTitle "GM"]
[BlackTitle "WGM"]
[WhiteElo "2578"]
[BlackElo "2341"]
[WhiteTeam "China"]
[BlackTeam "Vietnam"]
[WhiteFideId "8602980"]
[BlackFideId "12401226"]
[EventDate "2011.12.18"]

1. e4 e5 2. Nf3 Nf6 3. Nxe5 d6 4. Nf3 Nxe4 5. Nc3 Nf6 6. d4 Be7 7. h3 Bf5 8. Bd3
Bg6 9. Nh4 Nc6 10. Nxg6 hxg6 11. d5 Ne5 12. Be2 a6 13. Be3 c5 14. dxc6 bxc6 15.
O-O d5 16. Na4 O-O 17. b3 Ne4 18. c4 dxc4 19. Qc2 Nd6 20. bxc4 Nf5 21. Bb6 Qc8
22. Rad1 Re8 23. Ba5 Qe6 24. Rfe1 Bf8 25. Bc3 f6 26. c5 Kh8 27. Bg4 Qf7 28. Bxf5
gxf5 29. Qxf5 Qxa2 30. Nb6 Rad8 31. Rxd8 Rxd8 32. Bxe5 fxe5 33. Rxe5 Kg8 34. Re3
Qf7 35. Qc2 Rd4 36. Re5 a5 37. Re1 Rb4 38. Rd1 Qb3 39. Qe2 Qf7 40. Nd7 Be7 41.
Ne5 Qe6 42. Qh5 Re4 43. Nf3 Qf7 44. Qxf7+ Kxf7 45. Rd7 Ke8 46. Rc7 a4 47. Rxc6
a3 48. Ra6 Bxc5 49. Kf1 Rb4 50. Ne5 Rb1+ 51. Ke2 Rb2+ 52. Kd3 Rxf2 53. Kc4 Rc2+
54. Kd5 a2 55. g4 Be3 56. Ra8+ Ke7 57. Nc6+ Kf6 58. Nb4 Rd2+ 59. Kc6 Kg5 60.
Nxa2 Rh2 61. Ra5+ Kh4 62. Rh5+ Kg3 63. Nb4 Rxh3 64. Kd5 Kxg4 65. Rxh3 Kxh3 66.
Ke4 Bd2 67. Nd3 g5 68. Kf3 g4+ 69. Ke2 g3 70. Kxd2 g2 71. Nf4+ 1/2-1/2

[Event "FIDE Women's World Teams"]
[Site "Mardin TUR"]
[Date "2011.12.21"]
[Round "4"]
[Board "4"]
[White "Aginian, Nelly"]
[Black "Soumya, Swaminathan"]
[Result "0-1"]
[WhiteTitle "WGM"]
[BlackTitle "WGM"]
[WhiteElo "2263"]
[BlackElo "2302"]
[WhiteTeam "Armenia"]
[BlackTeam "India"]
[WhiteFideId "13300628"]
[BlackFideId "5016193"]
[EventDate "2011.12.18"]

1. e4 c5 2. Nf3 d6 3. d4 cxd4 4. Nxd4 Nf6 5. Nc3 a6 6. Be3 e6 7. f3 b5 8. Qd2
Nbd7 9. g4 h6 10. O-O-O b4 11. Nce2 Qc7 12. h4 d5 13. Bg2 dxe4 14. g5 Nd5 15. g6
Ne5 16. gxf7+ Kxf7 17. fxe4 Nxe3 18. Qxe3 Be7 19. Bh3 Bf6 20. Nf4 Nc4 21. Qf3
Ne5 22. Qh5+ g6 23. Nxg6 Nxg6 24. Rhg1 Rg8 25. Rdf1 Bd7 26. Nxe6 Qe5 27. Bf5
Bxe6 28. Bxg6+ Ke7 29. Qxe5 Bxe5 30. Kb1 Bd4 31. Rg3 Raf8 32. Rxf8 Rxf8 33. c3
bxc3 34. bxc3 Rf1+ 35. Kc2 Rf2+ 36. Kd3 Be5 37. Re3 Bf4 38. Re2 Bc4+ 0-1

[Event "FIDE Women's World Teams"]
[Site "Mardin TUR"]
[Date "2011.12.21"]
[Round "4"]
[Board "12"]
[White "Hoang, Thi Nhu Y"]
[Black "Tan, Zhongyi"]
[Result "0-1"]
[WhiteTitle "WIM"]
[BlackTitle "WGM"]
[WhiteElo "2218"]
[BlackElo "2448"]
[WhiteTeam "Vietnam"]
[BlackTeam "China"]
[WhiteFideId "12401455"]
[BlackFideId "8603642"]
[EventDate "2011.12.18"]

1. d4 Nf6 2. c4 g6 3. Nc3 Bg7 4. e4 d6 5. f4 O-O 6. Nf3 Na6 7. Bd3 Nb8 8. Bf1
Na6 9. Bd3 e5 10. fxe5 dxe5 11. d5 Nc5 12. Bc2 a5 13. O-O Nh5 14. Be3 Qe7 15. a3
Nf4 16. Rb1 Rd8 17. Qe1 b6 18. Qf2 g5 19. Bxc5 bxc5 20. Na4 Bf8 21. Qe3 Ra6 22.
g3 Rg6 23. Kf2 g4 24. Ne1 Rh6 25. Kg1 Nh3+ 26. Kg2 Rdd6 27. Nd3 Rh5 28. Ndxc5
Rdh6 29. Rh1 Rf6 30. Rbf1 Bh6 31. Qb3 Nf4+ 32. Kg1 Ne2+ 33. Kg2 Nf4+ 34. Kg1
Ne2+ 35. Kg2 Rxf1 36. Rxf1 Nd4 37. Qb8 Qf8 38. Bd1 Be3 39. Qxc7 Rxh2+ 0-1

[Event "FIDE Women's World Teams"]
[Site "Mardin TUR"]
[Date "2011.12.21"]
[Round "4"]
[Board "19"]
[White "Cemhan, Kardelen"]
[Black "Frick, Denise"]
[Result "1-0"]
[BlackTitle "WIM"]
[WhiteElo "1881"]
[BlackElo "1916"]
[WhiteTeam "Turkey"]
[BlackTeam "South Africa"]
[WhiteFideId "6325670"]
[BlackFideId "14300818"]
[EventDate "2011.12.18"]

1. e4 c5 2. Nf3 d6 3. d4 cxd4 4. Nxd4 Nf6 5. Nc3 Nc6 6. g3 g6 7. Bg2 Nxd4 8.
Qxd4 Bg7 9. O-O O-O 10. Qd3 Rb8 11. Be3 a6 12. a4 Ng4 13. Bd4 Ne5 14. Qd1 Bg4
15. f3 Be6 16. Nd5 b5 17. axb5 axb5 18. b3 f5 19. f4 Nc6 20. Bxg7 Kxg7 21. Kh1
fxe4 22. Bxe4 Bf5 23. Bg2 Qc8 24. Re1 e5 25. Ne3 Nd4 26. Nxf5+ Rxf5 27. Ra7+ Kh8
28. Be4 Rf6 29. Qd2 Nc6 30. fxe5 Nxe5 31. Qh6 Rf7 32. Rxf7 Nxf7 33. Qf4 Kg7 34.
Bd5 Qc7 35. Rf1 Ne5 36. Qf6+ Kh6 37. Rf4 1-0